Sister Cities of Venezuela - Statistics

General Stats
  • This quiz has been taken 10 times
  • The average score is 9 of 29
Answer Stats
Venezuelan City Country Sister City % Correct
Valencia Valencia
90%
Caracas Madrid
70%
Córdoba Córdoba
60%
Caracas – Libertador La Paz
60%
Caracas Rio de Janeiro
60%
Caracas – Libertador Doha
50%
Caracas Guadalajara
50%
Mérida Mérida
50%
Caracas – Libertador Montevideo
50%
Caracas Panama City
50%
Valencia Plovdiv
50%
Caracas Santo Domingo
50%
Caracas Tehran
50%
Caracas A Coruña
40%
Caracas Rosario
30%
Caracas, Maracaibo New Orleans
20%
Diego Bautista Urbaneja Hollywood
10%
Coro La Plata
10%
Caracas Santa Cruz de Tenerife
10%
Caracas Vigo
10%
Caracas Adeje
0%
El Tocuyo Arequipa
0%
Caracas Honolulu
0%
Maracay Izhevsk
0%
Caracas Melilla
0%
Mérida Oaxaca de Juárez
0%
Maracaibo Ploiești
0%
Cumaná Tepebaşı
0%
Colonia Tovar Veliko Tarnovo
0%
No matching quizzes found
Score Distribution
Percent of People with Each Score
Percentile by Number Answered
Your Score History
You have not taken this quiz